LIBRARY ONLINE CATALOGUE

Agency banking and non financial performance of commercial banks in Kenya (Record no. 18735)

MARC details
000 -LEADER
fixed length control field 00491nam a22001217a 4500
008 - FIXED-LENGTH DATA ELEMENTS--GENERAL INFORMATION
fixed length control field 210203b xxu||||| |||| 00| 0 eng d
050 ## - LIBRARY OF CONGRESS CALL NUMBER
Classification number GMB0407
Item number .W35 2015 c.1
100 ## - MAIN ENTRY--PERSONAL NAME
Personal name Mwangi, Elizabeth Waithera
245 ## - TITLE STATEMENT
Title Agency banking and non financial performance of commercial banks in Kenya
Remainder of title evidence from bank agents in Nakuru central business district
Statement of responsibility, etc. Elizabeth Waithera Mwangi
260 ## - PUBLICATION, DISTRIBUTION, ETC. (IMPRINT)
Place of publication, distribution, etc. Kabarak, Nakuru, Kenya
Name of publisher, distributor, etc. Kabarak University
Date of publication, distribution, etc. 2015
300 ## - PHYSICAL DESCRIPTION
Extent 70 leaves
942 ## - ADDED ENTRY ELEMENTS (KOHA)
Source of classification or shelving scheme Library of Congress Classification
Koha item type Thesis, Dissertation and Projecs
Holdings
Withdrawn status Lost status Source of classification or shelving scheme Not for loan Home library Current library Date acquired Total Checkouts Full call number Barcode Date last seen Price effective from Koha item type
    Library of Congress Classification   Kabarak, Main Campus Kabarak, Main Campus 03/02/2021   GMB0407 .W35 2015 c.1 026323 03/02/2021 03/02/2021 Thesis, Dissertation and Projecs
    Library of Congress Classification   Kabarak, Main Campus Kabarak, Main Campus 03/02/2021   GMB0407 .W35 2015 c.2 026378 03/02/2021 03/02/2021 Thesis, Dissertation and Projecs